<?xml version="1.0" encoding="UTF-8"?><?xml-stylesheet type="text/xsl" href="static/style.xsl"?><OAI-PMH xmlns="http://www.openarchives.org/OAI/2.0/" xmlns:xsi="http://www.w3.org/2001/XMLSchema-instance" xsi:schemaLocation="http://www.openarchives.org/OAI/2.0/ http://www.openarchives.org/OAI/2.0/OAI-PMH.xsd"><responseDate>2026-04-17T13:53:00Z</responseDate><request verb="GetRecord" identifier="oai:riubu.ubu.es:10259/6778" metadataPrefix="marc">https://riubu.ubu.es/oai/request</request><GetRecord><record><header><identifier>oai:riubu.ubu.es:10259/6778</identifier><datestamp>2022-08-31T10:32:58Z</datestamp><setSpec>com_10259_6158</setSpec><setSpec>com_10259_5086</setSpec><setSpec>com_10259_2604</setSpec><setSpec>col_10259_6159</setSpec></header><metadata><record xmlns="http://www.loc.gov/MARC21/slim" xmlns:doc="http://www.lyncode.com/xoai" xmlns:xsi="http://www.w3.org/2001/XMLSchema-instance" xmlns:dcterms="http://purl.org/dc/terms/" xsi:schemaLocation="http://www.loc.gov/MARC21/slim http://www.loc.gov/standards/marcxml/schema/MARC21slim.xsd">
<leader>00925njm 22002777a 4500</leader>
<datafield tag="042" ind1=" " ind2=" ">
<subfield code="a">dc</subfield>
</datafield>
<datafield tag="720" ind1=" " ind2=" ">
<subfield code="a">Barros del Río, María Amor</subfield>
<subfield code="e">author</subfield>
</datafield>
<datafield tag="260" ind1=" " ind2=" ">
<subfield code="c">2022-05</subfield>
</datafield>
<datafield tag="520" ind1=" " ind2=" ">
<subfield code="a">Sally Rooney’s second novel, Normal People (2018), tells the story of two teenagers who become involved in a complicated sexual and affective relationship that lasts from their school days in a small town, into their dynamic and worldly lives at university in Dublin. Set in Post-Celtic Tiger Ireland, this coming-of-age novel experiments with form and content to explore the problematic articulation of identity formation in recessionary Ireland. The emancipatory process of the protagonists is framed by specific cultural notions of the neoliberal discourse such as material success, consumerism and body commodification, which unveil practices of social class inequality and gender polarisation. Normal People, embedded with power and loss, displays emotional suffering, guilt, and self-harm to render the damaging effects of individuation and materiality upon the millennial generation in contemporary Ireland.</subfield>
</datafield>
<datafield tag="024" ind2=" " ind1="8">
<subfield code="a">0967-0882</subfield>
</datafield>
<datafield tag="024" ind2=" " ind1="8">
<subfield code="a">http://hdl.handle.net/10259/6778</subfield>
</datafield>
<datafield tag="024" ind2=" " ind1="8">
<subfield code="a">10.1080/09670882.2022.2080036</subfield>
</datafield>
<datafield tag="024" ind2=" " ind1="8">
<subfield code="a">1469-9303</subfield>
</datafield>
<datafield ind1=" " ind2=" " tag="653">
<subfield code="a">Sally Rooney</subfield>
</datafield>
<datafield ind1=" " ind2=" " tag="653">
<subfield code="a">Post-Celtic Tiger Ireland</subfield>
</datafield>
<datafield ind1=" " ind2=" " tag="653">
<subfield code="a">Postfeminism</subfield>
</datafield>
<datafield ind1=" " ind2=" " tag="653">
<subfield code="a">Bildungsroman</subfield>
</datafield>
<datafield ind1=" " ind2=" " tag="653">
<subfield code="a">Millennial</subfield>
</datafield>
<datafield tag="245" ind1="0" ind2="0">
<subfield code="a">Sally Rooney’s Normal People: the millennial novel of formation in recessionary Ireland</subfield>
</datafield>
</record></metadata></record></GetRecord></OAI-PMH>